000 00472nam a2200181Ia 4500
003 GCL
008 140319s9999 xx 000 0 ara d
040 _aGCL /
_cGCL
082 0 4 _a813.03
_bا س
100 1 _aاتيماتومة، جنكيز
245 1 0 _aالسفينة البيضاء /
_cاتيماتومة، جنكيز
300 _a156 ص
490 _a
650 0 4 _aالقصص العربية
650 0 4 _aالادب
650 0 4 _aالقصص
942 _2ddc
_cBK
999 _c38164
_d38164